Regions of Denmark - Statistics

General Stats
  • This quiz has been taken 251 times
  • The average score is 4 of 5
Answer Stats
English Name Danish Name % Correct
North Jutland Region Nordjylland
82%
Region Zealand Sjaelland
81%
Central Denmark Region Midtjylland
79%
Capital Region of Denmark Hovedstaden
66%
Region of Southern Denmark Syddanmark
62%
No matching quizzes found
Score Distribution
Percent of People with Each Score
Percentile by Number Answered
Your Score History
You have not taken this quiz